000 00565nam a2200181Ia 4500
003 IN-BaIIA
008 211028s9999 xx 000 0 eng d
020 _a0-521-81803-6
040 _cIIA Library
080 _a(031)524.3
_bKAL
100 _aKaler, James B.
_916275
245 4 _aThe Cambridge encyclopedia of stars
_cJames B. Kaler
260 _aCambridge
_bCambridge University Press
_c2006
300 _aix, 324p.
650 _aEncyclopaedia - Stars
_930528
650 _aStars-Encyclopaedias
_930529
942 _cBK
999 _c16453
_d16453